| 000 | 01203nam a2200301 a 4500 | ||
|---|---|---|---|
| 001 | ebr5003880 | ||
| 003 | CaPaEBR | ||
| 006 | m u | ||
| 007 | cr cn||||||||| | ||
| 008 | 931220s1994 ctu sb 001 0 eng | ||
| 010 | _z 93049035 | ||
| 020 | _z0899308783 (alk. paper) | ||
| 040 |
_aCaPaEBR _cCaPaEBR |
||
| 035 | _a(OCoLC)228040009 | ||
| 050 | 1 | 4 |
_aK7690 _b.C48 1994eb |
| 082 | 0 | 4 |
_a341.5/22 _220 |
| 100 | 1 | _aChukwumerije, Okezie. | |
| 245 | 1 | 0 |
_aChoice of law in international commercial arbitration _h[electronic resource] / _cOkezie Chukwumerije. |
| 260 |
_aWestport, Conn. : _bQuorum Books, _c1994. |
||
| 300 | _axii, 218 p. | ||
| 504 | _aIncludes bibliographical references (p. [205]-214) and index. | ||
| 533 |
_aElectronic reproduction. _bPalo Alto, Calif. : _cebrary, _d2013. _nAvailable via World Wide Web. _nAccess may be limited to ebrary affiliated libraries. |
||
| 650 | 0 |
_aConflict of laws _xArbitration and award. |
|
| 650 | 0 | _aInternational commercial arbitration. | |
| 655 | 7 |
_aElectronic books. _2local |
|
| 710 | 2 | _aebrary, Inc. | |
| 856 | 4 | 0 |
_uhttp://site.ebrary.com/lib/rucke/Doc?id=5003880 _zAn electronic book accessible through the World Wide Web; click to view |
| 999 |
_c645 _d645 |
||